The harder they fall : (Record no. 841)

MARC details
000 -LEADER
fixed length control field 01010cam a22002774a 4500
005 - DATE AND TIME OF LATEST TRANSACTION
control field 20260322212036.0
008 - FIXED-LENGTH DATA ELEMENTS--GENERAL INFORMATION
fixed length control field data
010 ## - LIBRARY OF CONGRESS CONTROL NUMBER
LC control number 2004060938
020 ## - INTERNATIONAL STANDARD BOOK NUMBER
International Standard Book Number 1592851568
020 ## - INTERNATIONAL STANDARD BOOK NUMBER
International Standard Book Number 9781592851560
040 ## - CATALOGING SOURCE
Original cataloging agency DLC
Transcribing agency DLC
Modifying agency DLC
042 ## - AUTHENTICATION CODE
Authentication code pcc
050 00 - LIBRARY OF CONGRESS CALL NUMBER
Classification number HV5824.C42
Item number S87 2005
082 00 - DEWEY DECIMAL CLASSIFICATION NUMBER
Classification number 616.86/092/2
Edition information 22
092 ## - LOCALLY ASSIGNED DEWEY CALL NUMBER (OCLC)
Classification number 616.86 S87 2005
001 - CONTROL NUMBER
control field data
100 1# - MAIN ENTRY--PERSONAL NAME
Personal name Stromberg, Gary,
Dates associated with a name 1942-
245 14 - TITLE STATEMENT
Title The harder they fall :
Remainder of title celebrities tell their real-life stories of addiction and recovery /
Statement of responsibility, etc. Gary Stromberg & Jane Merrill.
260 ## - PUBLICATION, DISTRIBUTION, ETC.
Place of publication, distribution, etc. Center City, Minn. :
Name of publisher, distributor, etc. Hazelden,
Date of publication, distribution, etc. 2005.
300 ## - PHYSICAL DESCRIPTION
Extent xiii, 331 p. ;
Dimensions 24 cm.
650 #0 - SUBJECT ADDED ENTRY--TOPICAL TERM
Topical term or geographic name entry element Celebrities
General subdivision Drug use.
700 1# - ADDED ENTRY--PERSONAL NAME
Personal name Merrill, Jane.
856 41 - ELECTRONIC LOCATION AND ACCESS
Materials specified Table of contents only
Uniform Resource Identifier <a href="http://www.loc.gov/catdir/toc/fy054/2004060938.html">http://www.loc.gov/catdir/toc/fy054/2004060938.html</a>
856 42 - ELECTRONIC LOCATION AND ACCESS
Materials specified Publisher description
Uniform Resource Identifier <a href="http://www.loc.gov/catdir/enhancements/fy0618/2004060938-d.html">http://www.loc.gov/catdir/enhancements/fy0618/2004060938-d.html</a>
856 42 - ELECTRONIC LOCATION AND ACCESS
Materials specified Contributor biographical information
Uniform Resource Identifier <a href="http://www.loc.gov/catdir/enhancements/fy0735/2004060938-b.html">http://www.loc.gov/catdir/enhancements/fy0735/2004060938-b.html</a>
Holdings
Withdrawn status Lost status Damaged status Not for loan Home library Current library Shelving location Date acquired Total checkouts Full call number Barcode Date last seen Price effective from Koha item type
        Centerville Centerville General stacks 22/03/2026   616.86/092/2 22 BC0010866 22/03/2026 22/03/2026 Books